| 000 | 00569nam a2200145Ia 4500 | ||
|---|---|---|---|
| 005 | 20260209120128.0 | ||
| 008 | 260209s9999||||xx |||||||||||||| ||und|| | ||
| 100 | _aZeenat Munir Masoodi | ||
| 245 | 0 | _aSovereign debt restructuring : an analysis of the legal aspects involved | |
| 260 |
_aBangaloreBangalore _bNLSIU _c2010 |
||
| 300 | _a81 p. ; 25 cm. | ||
| 650 | _aSovereign Debt - Source Sovereign Debt Restructuring Sovereign Immunity | ||
| 700 | _aProf. (Dr.) N L Mitra - GuideProf. (Dr.) N L Mitra - Guide | ||
| 856 | _uhttps://dans.nls.ac.in/handle/123456789/1924 | ||
| 999 |
_c216950 _d216950 |
||